000 00393nam a2200157Ia 4500
008 210716s2008 xx 000 0 und d
020 _a8126511346
041 _aeng
082 _a004.652 HOLJ
100 _aHolliday, John.
245 _aProfessional share point 2007 development.
250 _a1
260 _aNew Delhi
_bWiley India Pvt Ltd
_c2008
300 _axxv,716
650 _aNone
999 _c189348
_d189348